SaaS (Software as a service) based practice management system (PMS) (Record no. 13013)
[ view plain ]
| 000 -LEADER | |
|---|---|
| fixed length control field | 00503nam a22001577a 4500 |
| 082 ## - DEWEY DECIMAL CLASSIFICATION NUMBER | |
| Classification number | BIT-10 AJA |
| 100 ## - MAIN ENTRY--PERSONAL NAME | |
| Personal name | Ajab Ali Abro |
| 9 (RLIN) | 93113 |
| 245 ## - TITLE STATEMENT | |
| Title | SaaS (Software as a service) based practice management system (PMS) |
| 260 ## - PUBLICATION, DISTRIBUTION, ETC. | |
| Place of publication, distribution, etc. | Islamabad |
| Name of publisher, distributor, etc. | NUST-SEECS |
| Date of publication, distribution, etc. | 2012 |
| 300 ## - PHYSICAL DESCRIPTION | |
| Extent | 85 |
| Other physical details | 25cm |
| Accompanying material | CD ROM |
| 500 ## - GENERAL NOTE | |
| General note | Supervisors: Dr. Ali Mustafa, Saad Arshed |
| 563 ## - BINDING INFORMATION | |
| Binding note | HB |
| 700 ## - ADDED ENTRY--PERSONAL NAME | |
| Personal name | Mansoor Ahmed, Muhammad Afzal |
| 9 (RLIN) | 93114 |
| 856 ## - ELECTRONIC LOCATION AND ACCESS | |
| Uniform Resource Identifier | <a href="http://10.250.8.41:8080/xmlui/handle/123456789/11735">http://10.250.8.41:8080/xmlui/handle/123456789/11735</a> |
| 942 ## - ADDED ENTRY ELEMENTS (KOHA) | |
| Koha item type | Project Report |
| Source of classification or shelving scheme | |
| Withdrawn status | Lost status | Source of classification or shelving scheme | Damaged status | Not for loan | Permanent Location | Current Location | Shelving location | Date acquired | Full call number | Barcode | Date last seen | Price effective from | Koha item type |
|---|---|---|---|---|---|---|---|---|---|---|---|---|---|
| WITHDRAWN | Central Library (CL) | Central Library (CL) | General Stacks | 03/26/2014 | BIT-10 AJA | SEECSP01448 | 10/22/2014 | 01/05/2017 | Project Report |
